Normal view
MARC view
- Kassakian, John.G Verghese, George.C Schlecht, Martin.F
Entry Personal Name
001 - CONTROL NUMBER
- control field: 80087
003 - CONTROL NUMBER IDENTIFIER
- control field: NUST
005 - DATE AND TIME OF LATEST TRANSACTION
- control field: 20210628210605.0
008 - FIXED-LENGTH DATA ELEMENTS
- fixed length control field: 210628|| aca||aabn | a|a d
040 ## - CATALOGING SOURCE
- Original cataloging agency: NUST
- Transcribing agency: NUST
100 ## - HEADING--PERSONAL NAME
- Personal name: Kassakian, John.G Verghese, George.C Schlecht, Martin.F
670 ## - SOURCE DATA FOUND
- Source citation: Work cat.: (NUST): Kassakian, John.G Verghese, George.C Schlecht, Martin.F, Principles of power electronics, 1992
